Phenomenology and sociology : selected readings
Αποθηκεύτηκε σε:
| Άλλοι συγγραφείς: | |
|---|---|
| Μορφή: | Βιβλίο |
| Γλώσσα: | English |
| Δημοσίευση: |
New York :
Penguin Books,
1978.
|
| Σειρά: | (Penguin modern sociology readings)
|
| Θέματα: | |
| Ετικέτες: |
Προσθήκη ετικέτας
Δεν υπάρχουν, Καταχωρήστε ετικέτα πρώτοι!
|
MARC
| LEADER | 00000cam a2200000 a 4500 | ||
|---|---|---|---|
| 001 | 1/113457 | ||
| 008 | 170322s1978####enk| ||| |||| ||eng|| | ||
| 020 | |a 0140808140 | ||
| 040 | |a GR-MyUa |b gre |c GR-MyUa |e AACR2 | ||
| 041 | 0 | |a eng | |
| 082 | 7 | |a 301 |2 (23) | |
| 245 | 0 | 0 | |a Phenomenology and sociology : |b selected readings / |c edited by Thomas Luckmann. |
| 260 | |a New York : |b Penguin Books, |c 1978. | ||
| 300 | |a 390 σ. ; |c 18 εκ. | ||
| 490 | 0 | |a (Penguin modern sociology readings) | |
| 504 | |a Βιβλιογραφία: σ. 368-374. | ||
| 650 | 0 | |a Phenomenology | |
| 650 | 0 | |a Sociology. | |
| 700 | 1 | |a Luckmann, Thomas, |e edt | |
| 852 | |a INST |b LESVOS |e 20170322 |h 301 PHE |p 005100058958 |q 005100058958 |t BK |y 0 | ||
| 970 | |a Τζαφέρη |b Ευαγγελία |z 22-03-2017 | ||